Normal view
MARC view
- الججاوي، طلال محمد علي وآخرون، م.مشارك اسعد محمد علي العواد، م.مشارك رغد منير الزبيدي
Entry Personal Name
001 - CONTROL NUMBER
- control field: 61596
003 - CONTROL NUMBER IDENTIFIER
- control field: JO-AjAnu
005 - DATE AND TIME OF LATEST TRANSACTION
- control field: 20230606084050.0
008 - FIXED-LENGTH DATA ELEMENTS
- fixed length control field: 230606|| aca||aabn | a|a d
040 ## - CATALOGING SOURCE
- Original cataloging agency: JO-AjAnu
- Transcribing agency: JO-AjAnu
100 ## - HEADING--PERSONAL NAME
- Personal name: الججاوي، طلال محمد علي وآخرون، م.مشارك اسعد محمد علي العواد، م.مشارك رغد منير الزبيدي
670 ## - SOURCE DATA FOUND
- Source citation: Work cat.: (JO-AjAnu)31418: الججاوي، طلال محمد علي وآخرون، م.مشارك اسعد محمد علي العواد، م.مشارك رغد منير الزبيدي, author, معايير التدقيق الداخلي الدولية للحد من الغش والاحتيال ومدى الالتزام بها